000 00725nam a2200241Ia 4500
003 OSt
005 20220918205534.0
006 a|||||r|||| 00| 0
007 ta
008 220917b |||||||| |||| 00| 0 eng d
024 _a116,945
037 _cTextual
040 _aARTS
_cARTS
_beng
041 _2eng
_aeng
082 _aV63:51xN09, N0
100 _aDadoo Yusuf Mohmed
_9115415
245 0 _aSouth Africa's freedom struggle
_b Statements, speeches and articles including with Mahatma Gandhi
260 _aNew Delhi
_bSterling Publication India
_c1990
300 _axxxii,323p.
_ccm.
650 _aHISTORY
942 _hV63:51xN09, N0
_cTEXL
_2CC
999 _c240264
_d240264